LEADER 01016nam0-22003491i-450- 001 990001325130403321 010 $a3-540-57378-X 035 $a000132513 035 $aFED01000132513 035 $a(Aleph)000132513FED01 035 $a000132513 100 $a20000920d1993----km-y0itay50------ba 101 0 $aeng 200 1 $aTopological Methods for Variational Problems with Symmetries$fThomas Bartsch. 210 $aBerlin$cSpringer-Verlag$dc1993. 215 $aX, 152 p.$d24 cm 225 1 $aLecture Notes in Mathematics$v1560 . 610 0 $aTeoria qualitativa 610 0 $aEquazioni e sistemi ellittici 610 0 $aOperatori non lineari 676 $a515.3 700 1$aBartsch,$bThomas$060120 801 0$aIT$bUNINA$gRICA$2UNIMARC 901 $aBK 912 $a990001325130403321 952 $aC-20-(1560$b11650$fMA1 959 $aMA1 962 $a34CXX 962 $a35J20 996 $aTopological methods for variational problems with symmetries$978641 997 $aUNINA DB $aING01 LEADER 04029nam 22007695 450 001 9910728394403321 005 20251008155008.0 010 $a9783031278792$b(electronic bk.) 010 $z9783031278785 024 7 $a10.1007/978-3-031-27879-2 035 $a(MiAaPQ)EBC7253594 035 $a(Au-PeEL)EBL7253594 035 $a(OCoLC)1381368107 035 $a(DE-He213)978-3-031-27879-2 035 $a(PPN)270619143 035 $a(CKB)26792126800041 035 $a(EXLCZ)9926792126800041 100 $a20230526d2023 u| 0 101 0 $aeng 135 $aurcnu|||||||| 181 $ctxt$2rdacontent 182 $cc$2rdamedia 183 $acr$2rdacarrier 200 10$aChemical Engineering Principles and Applications /$fby Nuggenhalli S. Nandagopal 205 $a1st ed. 2023. 210 1$aCham :$cSpringer International Publishing :$cImprint: Springer,$d2023. 215 $a1 online resource (510 pages) 311 08$aPrint version: Nandagopal, Nuggenhalli S. Chemical Engineering Principles and Applications Cham : Springer International Publishing AG,c2023 9783031278785 320 $aIncludes bibliographical references and index. 327 $aChapter 1Mass and Energy Balances -- Chapter 2 Chemical Thermodynamics -- Chapter 3 Fluid Mechanics and Momentum Transfer -- Chapter 4 Heat Transfer -- Chapter 5 Mass Transfer -- Chapter 6 Chemical Reaction Engineering and Kinetics -- Chapter 7 Transport Phenomenon. 330 $aThis text provides a clear and concise understanding of the principles and applications of chemical engineering using a rigorous, yet easy-to-follow, presentation. The coverage is broad, and it includes all the relevant concepts such as mass and energy balances, mass transfer, chemical reaction engineering, and many more. Elucidation of the principles is further reinforced by examples and practice problems with detailed solutions. Firmly grounded in the fundamentals, the book maximizes readers? capacity to take on new problems and challenges in the field with confidence and conviction. Providing a ready reference and review of essential principles and their applications in chemical engineering, the book is ideal for undergraduate chemical engineering students, as well as practicing engineers preparing for the engineering license exams (FE and PE) in USA and abroad. Organized as a clear and coherent reference for those needing a quick review of fundamental concepts andapplications; Adopts a comprehensive and practical writing style in presenting the essential broad topics of chemical engineering; Reinforces material with a wide spectrum and variety of illustrations as well as problems with solutions. 606 $aChemical engineering 606 $aChemistry, Technical 606 $aThermodynamics 606 $aHeat engineering 606 $aHeat$xTransmission 606 $aMass transfer 606 $aIndustrial engineering 606 $aProduction engineering 606 $aMaterials 606 $aChemical Engineering 606 $aIndustrial Chemistry 606 $aEngineering Thermodynamics, Heat and Mass Transfer 606 $aIndustrial and Production Engineering 606 $aMaterials Engineering 615 0$aChemical engineering. 615 0$aChemistry, Technical. 615 0$aThermodynamics. 615 0$aHeat engineering. 615 0$aHeat$xTransmission. 615 0$aMass transfer. 615 0$aIndustrial engineering. 615 0$aProduction engineering. 615 0$aMaterials. 615 14$aChemical Engineering. 615 24$aIndustrial Chemistry. 615 24$aEngineering Thermodynamics, Heat and Mass Transfer. 615 24$aIndustrial and Production Engineering. 615 24$aMaterials Engineering. 676 $a660 700 $aNandagopal$b Nuggenhalli S.$01361202 801 0$bMiAaPQ 801 1$bMiAaPQ 801 2$bMiAaPQ 912 $a9910728394403321 996 $aChemical Engineering Principles and Applications$93379492 997 $aUNINA